ព្រៃលិចទឹកដែលងាដែននេសាទទឹកសាបជុំវិញបឹងទន្លេសាប (Record no. 3541)

000 -LEADER
fixed length control field 00519nam a22001577a 4500
003 - CONTROL NUMBER IDENTIFIER
control field OSt
005 - DATE AND TIME OF LATEST TRANSACTION
control field 20151117151728.0
008 - FIXED-LENGTH DATA ELEMENTS--GENERAL INFORMATION
fixed length control field 151117b xxu||||| |||| 00| 0 eng d
040 ## - CATALOGING SOURCE
Transcribing agency RUA
082 ## - DEWEY DECIMAL CLASSIFICATION NUMBER
Classification number FIS ហួត 1991 B145 Or.1
100 ## - MAIN ENTRY--PERSONAL NAME
9 (RLIN) 3808
Personal name ហយត វុត្ថា
245 ## - TITLE STATEMENT
Title ព្រៃលិចទឹកដែលងាដែននេសាទទឹកសាបជុំវិញបឹងទន្លេសាប
260 ## - PUBLICATION, DISTRIBUTION, ETC. (IMPRINT)
Place of publication, distribution, etc. Phnom Penh
Name of publisher, distributor, etc. RUA
Date of publication, distribution, etc. 1991
300 ## - PHYSICAL DESCRIPTION
Extent 94p.
Other physical details ill.
Dimensions 29cm.
942 ## - ADDED ENTRY ELEMENTS (KOHA)
Source of classification or shelving scheme
Koha item type FIS
Holdings
Price effective from Date last seen Permanent Location Not for loan Date acquired Source of classification or shelving scheme Koha item type Lost status Withdrawn status Date last checked out Total Checkouts Shelving location Damaged status Barcode Current Location Full call number
2015-11-172022-11-29Library Block B 2015-11-17 FIS  2022-10-052B145 RUA028000Library Block BFIS ហួត 1991 B145 Or.1
2015-11-172022-11-01Library Block B 2015-11-17 FIS  2022-10-051B145 RUA007375Library Block BFIS ហួត 1991 B145 Or.2
2015-11-172015-11-17Library Block B 2015-11-17 FIS    B145 RUA036765Library Block BFIS ហួត 1991 B145 Or.3
មជ្ឈមណ្ឌលឯការនៃសាកលវិទ្យាល័យភូមិន្ទកសិកម្មចំការដូង

Powered by Koha